Top 20 Most Common Northern Irish Surnames - Statistics

General Stats
  • This quiz has been taken 129 times
  • The average score is 7 of 20
Answer Stats
Rank Starts with Surname % Correct
1 W Wilson
67%
12 Q Quinn
62%
14 M Murphy
53%
9 O O'Neill
50%
3 K Kelly
49%
6 T Thompson
48%
8 B Brown
43%
2 C Campbell
34%
4 J Johnston
34%
13 R Robinson
34%
19 M Murray
33%
16 M Martin
27%
11 S Stewart
27%
10 D Doherty
26%
5 M Moore
26%
15 G Graham
25%
20 H Hughes
25%
7 S Smyth
25%
18 H Hamilton
24%
17 M McLaughlin
13%
No matching quizzes found
Score Distribution
Percent of People with Each Score
Percentile by Number Answered
Your Score History
You have not taken this quiz